LEADER 02698 am 2200481 n 450 001 9910495841603321 005 20240104030504.0 010 $a2-7351-2014-7 010 $a2-7351-2041-4 024 7 $a10.4000/books.editionsmsh.10860 035 $a(CKB)3710000001078752 035 $a(FrMaCLE)OB-editionsmsh-10860 035 $a(PPN)223796107 035 $a(EXLCZ)993710000001078752 100 $a20171219j|||||||| ||| 0 101 0 $afre 135 $auu||||||m|||| 200 04$aLes sept laïcités françaises$eLe modèle français de laïcité n'existe pas$fJean Baubérot 210 $aParis$cÉditions de la Maison des sciences de l?homme$d2017 215 $a1 online resource (176 p.) 311 $a2-7351-1985-8 330 $aAvec la loi de séparation des Églises et de l?État (1905) et son inscription dans la Constitution (1946 et 1958), la laïcité apparaît comme une référence importante en France. Depuis le début du xxie siècle, elle est de plus en plus invoquée, et une très grande majorité de Français affirment qu?ils y sont « attachés ». La plus grande confusion règne pourtant sur le sens de ce terme. De plus, hier valeur essentielle de la gauche, elle est de plus en plus omniprésente dans le discours politique de la droite et de l?extrême droite. En fait, nous explique Jean Baubérot, il n?existe pas de « modèle français » unique de laïcité mais des visions divergentes qui s?affrontent dans un rapport de forces toujours évolutif. Ainsi le contenu de la loi de 1905 a représenté un enjeu entre quatre conceptions différentes de la laïcité. Celles-ci ont subsisté en s?adaptant, alors que trois « nouvelles laïcités » ont apparu. Ces sept laïcités, l?auteur nous les décrit en les qualifiant : laïcité antireligieuse, laïcité gallicane, laïcité séparatiste stricte, laïcité séparatiste inclusive, laïcité ouverte, laïcité identitaire et laïcité concordataire. Pour finir, Jean Baubérot expose les mutations de la laïcité depuis la fin du xixe siècle et propose des hypothèses sur son devenir. 517 $a7 LAICITES FRANCAISES 606 $aHistory 606 $aPolitical Science 606 $aFrance 606 $alaïcité 606 $apartis 606 $aConstitution 606 $amodèle 615 4$aHistory 615 4$aPolitical Science 615 4$aFrance 615 4$alaïcité 615 4$apartis 615 4$aConstitution 615 4$amodèle 700 $aBaubérot$b Jean$0385040 801 0$bFR-FrMaCLE 906 $aBOOK 912 $a9910495841603321 996 $aLes sept laïcités françaises$93657741 997 $aUNINA LEADER 03855nam 22007931c 450 001 9910958053003321 005 20200115203623.0 010 $a9781472554512 010 $a1472554515 010 $a9780826445216 010 $a0826445217 010 $a9781441143631 010 $a1441143637 024 7 $a10.5040/9781472554512 035 $a(CKB)2670000000355864 035 $a(EBL)1172554 035 $a(OCoLC)840477445 035 $a(SSID)ssj0000871079 035 $a(PQKBManifestationID)11501150 035 $a(PQKBTitleCode)TC0000871079 035 $a(PQKBWorkID)10819604 035 $a(PQKB)10238378 035 $a(Au-PeEL)EBL1172502 035 $a(CaPaEBR)ebr10689918 035 $a(CaONFJC)MIL604205 035 $a(OCoLC)841916838 035 $a(UtOrBLW)bpp09255552 035 $a(Au-PeEL)EBL1172554 035 $a(OCoLC)841916946 035 $a(UtOrBLW)BP9781472554512BC 035 $a(Perlego)804643 035 $a(MiAaPQ)EBC1172502 035 $a(Perlego)1357700 035 $a(EXLCZ)992670000000355864 100 $a20140929d2013 uy 0 101 0 $aeng 135 $aur|n|---||||| 181 $ctxt 182 $cc 183 $acr 200 10$aAlexander the Great $ethemes and issues $fEdward M. Anson 205 $a1st ed. 210 1$aLondon $cBloomsbury Academic ; an imprint of Bloomsbury Publishing Plc $d2013. 215 $a1 online resource (362 p.) 300 $aDescription based upon print version of record. 311 08$a9781441193797 311 08$a1441193790 311 08$a9781441113900 311 08$a1441113908 320 $aIncludes bibliographical references and index 327 $aAlexander the Great-introduction -- The Macedonian background -- A father's legacy: Philip II and the rise of the Macedonian nation -- Alexander and deification -- Alexander and the administration of an empire -- The kingdom of Asia -- Alexander's legacy 327 $aIntroduction -- 1. The Macedonian Background -- 2. Philip II: The Founder of Alexander's Greatness? -- 3. Alexander and the Greeks -- 4. Alexander and the Army -- 5. Alexander's Empire -- 6. Alexander and Deification -- 7. The End of Conquest -- 8. Alexander's Legacy 330 8 $aAlexander the Great's life and career are here examined through the major issues surrounding his reign. What were Alexander's ultimate ambitions? Why did he pursue his own deification while alive? Did he actually set the world in 'a new groove' as has been claimed by some scholars? And was his death natural or the result of a murderous conspiracy? Each of the key themes, arranged as chapters, will be presented in approximately chronological order so that readers unfamiliar with the life of Alexander will be able to follow the narrative. The themes are tied to the major controversies and questions surrounding Alexander's career and legacy. Each chapter includes a discussion of the major academic positions on each issue, and includes a full and up-to-date bibliography and an evaluation of the historical evidence. All source material is in translation. Designed to bring new clarity to the contentious history of Alexander the Great, this is an ideal introduction to one of history's most controversial figures. 606 $2Classical history / classical civilisation 606 $aGenerals$zGreece$vBiography 607 $aGreece$xHistory$yMacedonian Expansion, 359-323 B.C 607 $aGreece$xKings and rulers$vBiography 607 $aGreece$xHistory$yMacedonian Expansion, 359-323 B.C$xHistoriography 615 0$aGenerals 676 $a938/.07092 676 $aB 700 $aAnson$b Edward$0598861 801 0$bUtOrBLW 801 1$bUtOrBLW 801 2$bUkLoBP 906 $aBOOK 912 $a9910958053003321 996 $aAlexander the Great$94368948 997 $aUNINA